000 00538nam a22001697a 4500
003 OSt
005 20260122151143.0
008 260122b |||||||| |||| 00| 0 eng d
040 _cMRSPTU
041 _aEnglish
100 _aPriyanka Rani, Supervisor: Dr. Paramjeet Singh
245 _aNew Technique for Content Based Image Retrieval Using ANN and Multi-Svm
260 _bDepartment of CSE, MRSPTU, Bathinda
_c2016
650 _aComputer Science
856 _uhttp://163.47.215.52:8080/jspui/handle/123456789/395
942 _2ddc
_cTH
_n0
999 _c10723
_d10723